| 000 | 00834nam a2200265Ia 4500 | ||
|---|---|---|---|
| 003 | OSt | ||
| 005 | 20220926022458.0 | ||
| 006 | a|||||r|||| 00| 0 | ||
| 007 | ta | ||
| 008 | 220923b |||||||| |||| 00| 0 eng d | ||
| 037 | _cGeneral Book | ||
| 040 |
_aRTL _cRTL _beng |
||
| 041 |
_2eng _aeng |
||
| 082 | _aV:1954.N9, N6 | ||
| 110 | _aUnited Nations. Institute for Disarmament Research | ||
| 245 | 0 |
_aManaging arms in peace processes _b The issues |
|
| 260 |
_aNew York _bUnited Nations U. S. A. _c1996 |
||
| 300 |
_axviii, 234p. Bibliography p.221-34 _ccm. |
||
| 500 | _aDisarmament and Conflict Resolution Project | ||
| 650 | _a History | ||
| 650 | _aDisarmament | ||
| 700 | _aUnited Nations. Institute for Disarmament Research | ||
| 942 |
_hV:1954.N9, N6 _cGB _2CC |
||
| 999 |
_c639558 _d639558 |
||